| 000 | 00934nam a22002297a 4500 | ||
|---|---|---|---|
| 999 |
_c22361 _d22361 |
||
| 003 | AR-CdUCM | ||
| 008 | 190425b ||||| |||| 00| 0 spa d | ||
| 040 |
_aMUNICIPALIDAD PROVINCIAL DEL CUSCO _cBIBLIOTECA MUNICIPAL DEL CUSCO |
||
| 082 | _aOropesa/N°113/2020 | ||
| 245 |
_aOropesa : _brevista de cultura y educación de opinión y crítica / _cAmérico Valer Vargas, Director |
||
| 260 |
_aCusco. _bLezama, _c2020. |
||
| 300 |
_a18 páginas. : _bilustraciones ; _c30 cm. |
||
| 440 |
_aOropesa. _nAño XXXVIII, N°113, enero 2020. _947930 |
||
| 505 | _aContenido: Las historias enseñan. -- Montañas de Sawasiray, Pitusiray son divinidades protectoras de productos agrícolas cultivados. ... | ||
| 650 |
_aPolítica cusqueña _947381 |
||
| 650 |
_aCultura andina _947570 |
||
| 650 |
_aSociedad cusqueña _947493 |
||
| 650 |
_aSiglo XXI _947931 |
||
| 700 |
_aEspinoza Martínez, Héctor _947132 |
||
| 942 |
_2ddc _cPP |
||
| 945 | _arac | ||